LEADER 02972nam 22005535 450 001 9910300522603321 005 20240313123814.0 010 $a9783319615301 010 $a3319615300 024 7 $a10.1007/978-3-319-61530-1 035 $a(CKB)3780000000451288 035 $a(DE-He213)978-3-319-61530-1 035 $a(MiAaPQ)EBC4987726 035 $a(PPN)259468843 035 $a(Perlego)3494523 035 $a(EXLCZ)993780000000451288 100 $a20170829d2018 u| 0 101 0 $aeng 135 $aurnn|008mamaa 181 $ctxt$2rdacontent 182 $cc$2rdamedia 183 $acr$2rdacarrier 200 14$aThe Paradox of Citizenship in American Politics $eIdeals and Reality /$fby Mehnaaz Momen 205 $a1st ed. 2018. 210 1$aCham :$cSpringer International Publishing :$cImprint: Palgrave Macmillan,$d2018. 215 $a1 online resource (XVI, 265 p.) 311 08$a9783319615295 311 08$a3319615297 320 $aIncludes bibliographical references and index. 327 $a1. Introduction -- 2. American Identity: Ideals vs. Illusion -- 3. Nation-building: Nation-States vs. Empire -- 4. World Relations: Hegemony vs. Globalization -- 5. Immigration: Becoming "Us" versus Remaining "Them" -- 6. State Power: Technology vs. Technology -- 7. Conclusion. 330 $aThis book is an exploration of American citizenship, emphasizing the paradoxes that are contained, normalized, and strengthened by the gaps existing between proposed policies and real-life practices in multiple arenas of a citizen's life. The book considers the evolution of citizenship through the journey of the American nation and its identity, its complexities of racial exclusion, its transformations in response to domestic demands and geopolitical challenges, its changing values captured in immigration policies and practices, and finally its dynamics in terms of the shift in state power vis-à-vis citizens. While it aspires to analyze the meaning of citizenship in America from the multiple perspectives of history, politics, and policy, it pays special attention to the critical junctures where rhetoric and reality clash, allowing for the production of certain paradoxes that define citizenship rights and shape political discourse. . 606 $aPolitical science 606 $aPolitical sociology 606 $aAmerica$xPolitics and government 606 $aPolitical Science 606 $aPolitical Sociology 606 $aAmerican Politics 615 0$aPolitical science. 615 0$aPolitical sociology. 615 0$aAmerica$xPolitics and government. 615 14$aPolitical Science. 615 24$aPolitical Sociology. 615 24$aAmerican Politics. 676 $a323.60973 700 $aMomen$b Mehnaaz$4aut$4http://id.loc.gov/vocabulary/relators/aut$0892039 906 $aBOOK 912 $a9910300522603321 996 $aThe Paradox of Citizenship in American Politics$91992210 997 $aUNINA LEADER 03094nam 2200769Ia 450 001 9910966327003321 005 20251116203814.0 010 $a1-315-57947-2 010 $a1-317-14392-2 010 $a1-317-14391-4 010 $a1-281-24122-9 010 $a9786611241223 010 $a0-7546-8642-6 035 $a(CKB)1000000000414002 035 $a(EBL)438920 035 $a(OCoLC)276222003 035 $a(SSID)ssj0000146483 035 $a(PQKBManifestationID)11160388 035 $a(PQKBTitleCode)TC0000146483 035 $a(PQKBWorkID)10183257 035 $a(PQKB)10986771 035 $a(Au-PeEL)EBL438920 035 $a(CaPaEBR)ebr10218514 035 $a(CaONFJC)MIL919174 035 $a(Au-PeEL)EBL5293440 035 $a(CaONFJC)MIL124122 035 $a(OCoLC)1027200304 035 $a(MiAaPQ)EBC438920 035 $a(MiAaPQ)EBC5293440 035 $a(FINmELB)ELB161588 035 $a(EXLCZ)991000000000414002 100 $a20070831d2008 uy 0 101 0 $aeng 135 $aur|n|---||||| 181 $ctxt 182 $cc 183 $acr 200 10$aEncountering the transnational $ewomen, Islam and the politics of interpretation /$fby Meena Sharify-Funk 205 $a1st ed. 210 $aAldershot, Hants, England ;$aBurlington, VT $cAshgate$dc2008 215 $a1 online resource (218 p.) 225 1 $aGender in a global/local world 300 $aDescription based upon print version of record. 311 08$a0-7546-7123-2 320 $aIncludes bibliographical references and index. 327 $aCover; Contents; List of Figures; Preface; Acknowledgements; 1 Introduction; 2 Mixed Messages and Multiple Agendas: The Politics of 'Women and Islam'; 3 Trends and Transformations in Contemporary Islamic Hermeneutics; 4 Identity and Interpretation: Dialogue and the Negotiation of Meaning; 5 The Transnational and the Politics of Community; 6 Muslim Society and State: The Politics of Public Space; 7 Muslim Woman as Self/Other: The Politics of Identity; 8 Conclusion: A Space for Connectivity and Dynamism; Appendix; Bibliography; Index 330 $aWhen Muslim women from diverse national and cultural contexts meet one another through transnational dialogue and networking, what happens to their sense of identity and social agency? This is a compelling account of conversations that are bringing new energy and dynamism into women's activism in a world of collapsing distances. 410 0$aGender in a global/local world. 606 $aMuslim women 606 $aWomen in Islam 606 $aIslam and civil society 606 $aIslamic modernism 606 $aIslam$y21st century 615 0$aMuslim women. 615 0$aWomen in Islam. 615 0$aIslam and civil society. 615 0$aIslamic modernism. 615 0$aIslam 676 $a305.48/697 700 $aSharify-Funk$b Meena$01873533 801 0$bMiAaPQ 801 1$bMiAaPQ 801 2$bMiAaPQ 906 $aBOOK 912 $a9910966327003321 996 $aEncountering the transnational$94483633 997 $aUNINA